Эволюция микроструктуры и механических свойств титана в субмикрокристаллическом состоянии, полученного методом ABC-прессования с последующей многоходовой прокаткой; Современные техника и технологии; Т. 2

Bibliografski detalji
Parent link:Современные техника и технологии: сборник трудов XVII международной научно-практической конференции студентов, аспирантов и молодых ученых, Томск, 18-22 апреля 2011 г/ Национальный исследовательский Томский политехнический университет (ТПУ).— , 2011
Т. 2.— 2011.— [С. 261-262]
Glavni autor: Чабанец А. А.
Daljnji autori: Ерошенко А. Ю. (научный руководитель)
Sažetak:Заглавие с титульного экрана
Jezik:ruski
Izdano: 2011
Serija:Материаловедение
Teme:
Online pristup:http://www.lib.tpu.ru/fulltext/c/2011/C01/V02/126.pdf
Format: MixedMaterials Elektronički Poglavlje knjige
KOHA link:https://koha.lib.tpu.ru/cgi-bin/koha/opac-detail.pl?biblionumber=234644

MARC

LEADER 00000naa2a2200000 4500
001 234644
005 20260209095647.0
035 |a (RuTPU)RU\TPU\book\255770 
035 |a RU\TPU\book\255769 
090 |a 234644 
100 |a 20130327d2011 k y0rusy50 ca 
101 0 |a rus 
102 |a RU 
135 |a drnn ---uucaa 
181 0 |a i  
182 0 |a b 
200 1 |a Эволюция микроструктуры и механических свойств титана в субмикрокристаллическом состоянии, полученного методом ABC-прессования с последующей многоходовой прокаткой  |f А. А. Чабанец  |g науч. рук. А. Ю. Ерошенко 
203 |a Текст  |c электронный 
225 1 |a Материаловедение 
300 |a Заглавие с титульного экрана 
320 |a [Библиогр.: с. 262 (2 назв.)] 
337 |a Adobe Reader 
461 1 |0 (RuTPU)RU\TPU\book\255301  |t Современные техника и технологии  |o сборник трудов XVII международной научно-практической конференции студентов, аспирантов и молодых ученых, Томск, 18-22 апреля 2011 г  |o в 3 т.  |f Национальный исследовательский Томский политехнический университет (ТПУ)  |d 2011 
463 1 |0 (RuTPU)RU\TPU\book\255307  |t Т. 2  |v [С. 261-262]  |d 2011 
610 1 |a труды учёных ТПУ 
610 1 |a электронный ресурс 
610 1 |a эволюция 
610 1 |a механические свойства 
610 1 |a титан 
610 1 |a прессование 
610 1 |a прокатка 
700 1 |a Чабанец  |b А. А. 
702 1 |a Ерошенко  |b А. Ю.  |4 727 
801 2 |a RU  |b 63413507  |c 20130416  |g RCR 
856 4 |u http://www.lib.tpu.ru/fulltext/c/2011/C01/V02/126.pdf 
942 |c CF